00474nam a2200157Ia 4500001000500000005001700005008004100022041000800063082001600071100004300087245015400130260000900284300000700293650000800300654000800308261820260306144820.0260306t2010||||xx |||||||||||||| ||spa|| aESP a618.2bV935 aVelarde Bedriñana, Luz GiovannaeAUT 0aLas parteras sí saben, son importantes, sólo que están olvidadas:bsituación actual de la parteras en los Andes del sur del Perú (Ayacucho) c2010 ac aGEN aCPS